|
|
|
|
| LEADER |
00000cam a2200000 7i4500 |
| 001 |
0000000669 |
| 005 |
20000920.0 |
| 020 |
0 |
0 |
|a 9679784983
|
| 090 |
0 |
0 |
|a 338.9595
|b MAL 1994
|
| 245 |
0 |
0 |
|a MALAYSIA's economy in the nineties
|c edited by Jomo K.S. ... [et al.]
|
| 260 |
0 |
0 |
|a Kuala Lumpur :
|b Pelanduk Pub. ,
|c 1994
|
| 300 |
|
|
|a 294 p. :
|b ill. ;
|c 22 cm.
|
| 500 |
0 |
0 |
|a Includes bibliographical references and index
|
| 651 |
0 |
0 |
|a Malaysia
|x Economic conditions
|y 1981-
|
| 651 |
0 |
0 |
|a Malaysia
|x Economic policy
|y 1981-
|
| 651 |
0 |
0 |
|a Malaysia
|x Industries
|
| 700 |
0 |
1 |
|a Jomo
|h K. S [
|q (Jomo Kwame Sundaram)]
|
| 999 |
|
|
|a 0000001812
|b Monograph
|c Open Shelf
|e Default branch
|